000 00638nam a22002417a 4500
003 UA-OsUOA
001 23566
007 ta
008 20040123b un ||||| |||| 00| 0 ukr d
100 _aМіщенко М.
090 _a82.09(477)
_bМ71
942 _cBK
040 _aUA-OsUOA
_bukr
_cUA-OsUOA
_dUA-OsUOA
245 _aЛеся Українка в літературному житті
300 _a262 с.
955 _a2
041 _aukr
080 _a82.09(477)
260 _aК.
_bДніпро
_c1964
044 _aUA
650 7 _a82 Література. Літературознавство
_2UDC
999 _c309817
_d309817